The Politics of trade and industrial policy in Africa : (Record no. 391)
[ view plain ]
| 000 -LEADER | |
|---|---|
| fixed length control field | 00848cam a22002412 4500 |
| 001 - CONTROL NUMBER | |
| control field | 0000002126 |
| 005 - DATE AND TIME OF LATEST TRANSACTION | |
| control field | 20151021151056.0 |
| 008 - FIXED-LENGTH DATA ELEMENTS--GENERAL INFORMATION | |
| fixed length control field | 070403s xx 000 0 eng d |
| 020 ## - INTERNATIONAL STANDARD BOOK NUMBER | |
| International Standard Book Number | 1552501256 : |
| 040 ## - CATALOGING SOURCE | |
| Original cataloging agency | KABU |
| Transcribing agency | KABU |
| 050 #0 - LIBRARY OF CONGRESS CALL NUMBER | |
| Classification number | HF1611 |
| Item number | .P65 |
| 245 14 - TITLE STATEMENT | |
| Title | The Politics of trade and industrial policy in Africa : |
| Remainder of title | forced concensus? / |
| Statement of responsibility, etc. | edited by Charles C. Soludo, Osita Ogbu & Ha-Joon Chang. |
| 260 ## - PUBLICATION, DISTRIBUTION, ETC. (IMPRINT) | |
| Place of publication, distribution, etc. | Trenton, NJ : |
| Name of publisher, distributor, etc. | Africa World Press, |
| Date of publication, distribution, etc. | 2004. |
| 300 ## - PHYSICAL DESCRIPTION | |
| Extent | vii, 367 p. |
| 651 #0 - SUBJECT ADDED ENTRY--GEOGRAPHIC NAME | |
| Geographic name | Africa |
| General subdivision | Commercial policy. |
| -- | 0000151364 |
| 700 1# - ADDED ENTRY--PERSONAL NAME | |
| Personal name | Soludo, Charles C. |
| -- | 0000151366 |
| 700 1# - ADDED ENTRY--PERSONAL NAME | |
| Personal name | Ogbu, Osita. |
| -- | 0000151367 |
| 700 1# - ADDED ENTRY--PERSONAL NAME | |
| Personal name | Chang, Ha-Joon. |
| -- | 0000151368 |
| 908 ## - PUT COMMAND PARAMETER (RLIN) | |
| Put command parameter | 070403 |
| 950 ## - LOCAL HOLDINGS (RLIN) | |
| -- | 1 |
| Withdrawn status | Lost status | Source of classification or shelving scheme | Not for loan | Home library | Current library | Date acquired | Total Checkouts | Full call number | Barcode | Date last seen | Price effective from | Koha item type | Date last checked out | Copy number |
|---|---|---|---|---|---|---|---|---|---|---|---|---|---|---|
| Library of Congress Classification | Kabarak, Main Campus | Kabarak, Main Campus | 17/12/2015 | 1 | HF1611 .P65 C.1 | 010387 | 13/10/2016 | 17/12/2015 | General Collection | 15/07/2016 | C.1 | |||
| Library of Congress Classification | Kabarak, Main Campus | Kabarak, Main Campus | 17/12/2015 | 1 | HF1611 .P65 C.2 | 010386 | 13/10/2016 | 17/12/2015 | General Collection | 15/07/2016 | C.2 | |||
| Library of Congress Classification | Kabarak, Nakuru City Campus | Kabarak, Nakuru City Campus | 21/10/2015 | HF1611 .P65 | 005759 | 21/10/2015 | 21/10/2015 | General Collection | ||||||
| Library of Congress Classification | Kabarak, Nakuru City Campus | Kabarak, Nakuru City Campus | 21/10/2015 | HF1611 .P65 | 005760 | 21/10/2015 | 21/10/2015 | General Collection |